Engineering fluid mechanics / (Record no. 544971)
[ view plain ]
| 000 -LEADER | |
|---|---|
| fixed length control field | 00722pam a2200205 a 4500 |
| 020 ## - INTERNATIONAL STANDARD BOOK NUMBER | |
| International Standard Book Number | 0471147354 (alk. paper) |
| 082 00 - DEWEY DECIMAL CLASSIFICATION NUMBER | |
| Classification number | 620.106 |
| Author Mark | ROB |
| -- | L- NUST, P-25 |
| 100 1# - MAIN ENTRY--PERSONAL NAME | |
| Personal name | Roberson, John A. |
| 9 (RLIN) | 3088 |
| 245 10 - TITLE STATEMENT | |
| Title | Engineering fluid mechanics / |
| Statement of responsibility, etc. | John A. Roberson, Clayton T. Crowe. |
| 250 ## - EDITION STATEMENT | |
| Edition statement | 6th ed. |
| 260 ## - PUBLICATION, DISTRIBUTION, ETC. | |
| Place of publication, distribution, etc. | New York : |
| Name of publisher, distributor, etc. | J. Wiley & Sons, |
| Date of publication, distribution, etc. | c1997. |
| 300 ## - PHYSICAL DESCRIPTION | |
| Extent | xiii, 689, 31, 11 p. : |
| Other physical details | ill. ; |
| Dimensions | 25 cm. |
| 526 ## - STUDY PROGRAM INFORMATION NOTE | |
| Program name | 0 |
| Interest level | 0 |
| Reading level | 0 |
| Title point value | 620_106000000000000_ROB |
| 650 #0 - SUBJECT ADDED ENTRY--TOPICAL TERM | |
| Topical term or geographic name entry element | Fluid mechanics. |
| 9 (RLIN) | 1678 |
| 650 #0 - SUBJECT ADDED ENTRY--TOPICAL TERM | |
| Topical term or geographic name entry element | NUST/ MCE |
| 9 (RLIN) | 26909 |
| 700 1# - ADDED ENTRY--PERSONAL NAME | |
| Personal name | Crowe, C. T. |
| 9 (RLIN) | 38583 |
| 856 4# - ELECTRONIC LOCATION AND ACCESS | |
| Uniform Resource Identifier | <a href="http://www.loc.gov/catdir/toc/onix03/96032538.html">http://www.loc.gov/catdir/toc/onix03/96032538.html</a> |
| 856 42 - ELECTRONIC LOCATION AND ACCESS | |
| Uniform Resource Identifier | <a href="http://www.loc.gov/catdir/enhancements/fy0607/96032538-d.html">http://www.loc.gov/catdir/enhancements/fy0607/96032538-d.html</a> |
| 942 ## - ADDED ENTRY ELEMENTS (KOHA) | |
| Source of classification or shelving scheme | |
| Koha item type | Book |
| Withdrawn status | Lost status | Source of classification or shelving scheme | Damaged status | Not for loan | Permanent Location | Current Location | Date acquired | Total Checkouts | Full call number | Barcode | Date last seen | Price effective from | Koha item type |
|---|---|---|---|---|---|---|---|---|---|---|---|---|---|
| Military College of Engineering (MCE) | Military College of Engineering (MCE) | 05/15/2014 | 620.106 ROB | MCE-44154 | 05/15/2014 | 05/15/2014 | Book |
